000 00510nam a2200181Ia 4500
003 IN-BaIIA
008 211028s9999 xx 000 0 eng d
020 _a0-07-06110-6
040 _cIIA Library
080 _a512.643
_bSTE
100 _aSteinberg, D. I.
_910947
245 0 _aComputational matrix algebra
_cD. I. Steinberg
260 _aTokyo
_bMcGraw-Hill
_c1974
300 _aviii, 280p.
650 _aMatrices
_92806
650 _aNASA Thesaurus
942 _cBK
999 _c6378
_d6378